Slovo medzi nami

Bibliographic Details
Other Authors: Slobodník, Peter (Publishing director), Dluhý, Rastislav, 1974- (Publishing director)
Format: Journal
Language:Slovak
PhysicalDescription:zv. 21 cm
Published: Bratislava Redemptoristi 2000-
ISSN:1336-0221
Subjects:

MARC

LEADER 00000cas a2200000 a 4500
001 vtls008419746
003 SK-MaSNL
005 20260330151739.0
008 051220c20009999xo mr p 0 b0slo
022 |a 1336-0221 
035 |a (SVKBB03)vtls000042702 
040 |a SVKPO  |b slo  |c SVKPO  |d SAVUK  |d SNK  |e AACR2 
041 0 |a slo 
044 |a xo  |c SK 
072 7 |a 27-5  |x Liturgia. Kresťanské umenie a symbolika. Duchovný život  |2 konspekt 
072 7 |a 82-97  |x Náboženská literatúra. Duchovná literatúra (o nej)  |2 konspekt 
072 7 |a 2  |x Náboženstvo  |2 konspekt 
072 7 |a 27  |x Kresťanstvo. Kresťanská cirkev všeobecne. Ekleziológia  |2 konspekt 
080 |a 27-583  |2 2011 
080 |a 27-534.35  |2 2011 
080 |a 27-277  |2 2011 
080 |a 82-97  |2 2011 
080 |a 050  |2 2011 
080 |a 21/29-1/-9  |2 2011 
080 |a 2(051)  |2 2011 
210 0 |a Slovo medzi nami 
222 0 |a Slovo medzi nami 
245 0 0 |a Slovo medzi nami 
260 |a Bratislava  |b Redemptoristi  |c 2000- 
300 |a zv.  |c 21 cm 
310 |a 1x mesačne 
362 0 |a Roč. 1, č. 1 (2000)- 
500 |a Šéfredaktor: 2003-2010, Peter Slobodník ; 2000-2002, 2011-6/2018, Rastislav Dluhý 
500 |a Evidenčné číslo MK: EV 3039/09 
515 |a Niektoré čísla vychádzajú ako dvojčíslo 
525 |a Niektoré čísla obsahujú prílohy: rodinná príloha ; mimoriadna príloha k Roku Matky ustavičnej pomoci 
650 0 7 |a Biblical texts  |2 SNKPHeng  |9 265584 
650 0 7 |a Christian meditation  |2 SNKPHeng  |9 267713 
650 0 7 |a Christian prayers  |2 SNKPHeng  |9 267714 
650 0 7 |a biblické texty  |2 SNKPH  |9 1917 
650 0 7 |a kresťanská meditácia  |2 SNKPH  |9 79229 
650 0 7 |a kresťanské modlitby  |2 SNKPH  |9 2006 
655 7 |a náboženské časopisy  |2 SNKPH  |9 70790 
655 7 |a religion journals  |2 SNKPHeng  |9 267715 
700 1 |a Slobodník, Peter  |4 pbd  |9 267716 
700 1 |a Dluhý, Rastislav,  |d 1974-  |4 pbd  |9 120079 
850 |a Štátna vedecká knižnica v Prešove 
910 |a savuk 
910 |a snk 
910 |a svkpo 
916 |a 2000-2013 
999 |c 4029  |d 5959 
952 |t č. 1-5  |a SNK  |b SNK  |y PREZ  |7 0  |p 17A1520069  |o snkČSD 2331/22/2021/1  |i snk2023/7157  |8 0  |0 0  |1 0  |4 0  |d 2023-05-04  |l 0  |r 2026-02-21 19:48:50  |w 2026-02-21 
952 |t č. 6-10  |a SNK  |b SNK  |y PREZ  |7 0  |p 17A1520068  |o snkČSD 2331/22/2021/2  |i snk2023/7160  |8 0  |0 0  |1 0  |4 0  |d 2023-05-04  |l 0  |r 2026-02-21 19:48:51  |w 2026-02-21 
952 |t č. 1-5  |a SNK  |b SNK  |y PREZ  |7 0  |p 17A1520067  |o snkČSD 2331/23/2022/1  |i snk2023/7163  |8 0  |0 0  |1 0  |4 0  |d 2023-05-04  |l 0  |r 2026-02-21 19:48:51  |w 2026-02-21 
952 |t č. 6-10  |a SNK  |b SNK  |y PREZ  |7 0  |p 17A1520066  |o snkČSD 2331/23/2022/2  |i snk2023/7164  |8 0  |0 0  |1 0  |4 0  |d 2023-05-04  |l 0  |r 2026-02-21 19:48:51  |w 2026-02-21 
952 |t č. 1-11  |a SNK  |b SNK  |y PREZ  |7 0  |p 17A0661723  |o snkČSD 2331/5/2004  |i snk2010/19380  |8 0  |f 1  |0 0  |1 0  |4 0  |d 2010-09-08  |l 0  |r 2026-02-21 19:54:50  |w 2026-02-21 
952 |t č. 1-11  |a SNK  |b SNK  |y PREZ  |7 0  |p 17A0661724  |o snkČSD 2331/5/2004 D1  |i snk2010/19381  |8 0  |0 0  |1 0  |4 0  |d 2010-09-08  |l 0  |r 2026-02-21 19:54:50  |w 2026-02-21 
952 |t č. 1-6  |a SNK  |b SNK  |y PREZ  |7 0  |p 17A0661725  |o snkČSD 2331/6/2005/1  |i snk2010/19382  |8 0  |f 1  |0 0  |1 0  |4 0  |d 2010-09-08  |l 0  |r 2026-02-21 19:54:50  |w 2026-02-21 
952 |t č. 7-12  |a SNK  |b SNK  |y PREZ  |7 0  |p 17A0661726  |o snkČSD 2331/6/2005/2  |i snk2010/19386  |8 0  |f 1  |0 0  |1 0  |4 0  |d 2010-09-08  |l 0  |r 2026-02-21 19:54:50  |w 2026-02-21 
952 |t č. 7-12  |a SNK  |b SNK  |y PREZ  |7 0  |p 17A0661728  |o snkČSD 2331/6/2005/2 D1  |i snk2010/19387  |8 0  |0 0  |1 0  |4 0  |d 2010-09-08  |l 0  |r 2026-02-21 19:54:50  |w 2026-02-21 
952 |t č. 1-6  |a SNK  |b SNK  |y PREZ  |7 0  |p 17A0661729  |o snkČSD 2331/7/2006/1  |i snk2010/19388  |8 0  |f 1  |0 0  |1 0  |4 0  |d 2010-09-08  |l 0  |r 2026-02-21 19:54:50  |w 2026-02-21 
952 |t č. 1-6  |a SNK  |b SNK  |y PREZ  |7 0  |p 17A0661731  |o snkČSD 2331/7/2006/1 D1  |i snk2010/19389  |8 0  |0 0  |1 0  |4 0  |d 2010-09-08  |l 0  |r 2026-02-21 19:54:50  |w 2026-02-21 
952 |t č. 7-11  |a SNK  |b SNK  |y PREZ  |7 0  |p 17A0661732  |o snkČSD 2331/7/2006/2 D1  |i snk2010/19391  |8 0  |0 0  |1 0  |4 0  |d 2010-09-08  |l 0  |r 2026-02-21 19:54:50  |w 2026-02-21 
952 |t č. 7-12  |a SNK  |b SNK  |y PREZ  |7 0  |p 17A0661734  |o snkČSD 2331/8/2007/2  |i snk2010/19410  |8 0  |f 1  |0 0  |1 0  |4 0  |d 2010-09-09  |l 0  |r 2026-02-21 19:54:53  |w 2026-02-21 
952 |t č.7-12  |a SNK  |b SNK  |y PREZ  |7 0  |p 17A0661736  |o snkČSD 2331/8/2007/2 D1  |i snk2010/19415  |8 0  |0 0  |1 0  |4 0  |d 2010-09-09  |l 0  |r 2026-02-21 19:54:53  |w 2026-02-21 
952 |t č. 1-6  |a SNK  |b SNK  |y PREZ  |7 0  |p 17A0661735  |o snkČSD 2331/8/2007/1 D1  |i snk2010/19419  |8 0  |0 0  |1 0  |4 0  |d 2010-09-09  |l 0  |r 2026-02-21 19:54:53  |w 2026-02-21 
952 |t č. 1-6  |a SNK  |b SNK  |y PREZ  |7 0  |p 17A0661739  |o snkČSD 2331/9/2008/1  |i snk2010/19427  |8 0  |f 1  |0 0  |1 0  |4 0  |d 2010-09-09  |l 0  |r 2026-02-21 19:54:53  |w 2026-02-21 
952 |t č. 1-6  |a SNK  |b SNK  |y PREZ  |7 0  |p 17A0661741  |o snkČSD 2331/9/2008/1 D1  |i snk2010/19428  |8 0  |0 0  |1 0  |4 0  |d 2010-09-09  |l 0  |r 2026-02-21 19:54:53  |w 2026-02-21 
952 |t č. 7-12  |a SNK  |b SNK  |y PREZ  |7 0  |p 17A0661740  |o snkČSD 2331/9/2008/2  |i snk2010/19432  |8 0  |f 1  |0 0  |1 0  |4 0  |d 2010-09-09  |l 0  |r 2026-02-21 19:54:53  |w 2026-02-21 
952 |t č. 7-12  |a SNK  |b SNK  |y PREZ  |7 0  |p 17A0661742  |o snkČSD 2331/9/2008/2 D1  |i snk2010/19434  |8 0  |0 0  |1 0  |4 0  |d 2010-09-09  |l 0  |r 2026-02-21 19:54:53  |w 2026-02-21 
952 |t č. 1-6  |a SNK  |b SNK  |y PREZ  |7 0  |p 17A0661743  |o snkČSD 2331/10/2009/1  |i snk2010/19443  |8 0  |f 1  |0 0  |1 0  |4 0  |d 2010-09-09  |l 0  |r 2026-02-21 19:54:53  |w 2026-02-21 
952 |t č. 1-6  |a SNK  |b SNK  |y PREZ  |7 0  |p 17A0661745  |o snkČSD 2331/10/2009/1 D1  |i snk2010/19447  |8 0  |0 0  |1 0  |4 0  |d 2010-09-09  |l 0  |r 2026-02-21 19:54:53  |w 2026-02-21 
952 |t č. 7-12  |a SNK  |b SNK  |y PREZ  |7 0  |p 17A0661744  |o snkČSD 2331/10/2009/2  |i snk2010/19452  |8 0  |f 1  |0 0  |1 0  |4 0  |d 2010-09-09  |l 0  |r 2026-02-21 19:54:53  |w 2026-02-21 
952 |t č. 7-12  |a SNK  |b SNK  |y PREZ  |7 0  |p 17A0661517  |o snkČSD 2331/10/2009/2 D1  |i snk2010/19455  |8 0  |0 0  |1 0  |4 0  |d 2010-09-09  |l 0  |r 2026-02-21 19:54:53  |w 2026-02-21 
952 |t č. 1-5  |a SNK  |b SNK  |y PREZ  |7 0  |p 17A1435779  |o snkČSD 2331/21/2020/1  |i snk2021/10865  |8 0  |0 0  |1 0  |4 0  |d 2021-08-24  |l 0  |r 2026-02-21 19:58:39  |w 2026-02-21 
952 |t č. 6-10  |a SNK  |b SNK  |y PREZ  |7 0  |p 17A1435780  |o snkČSD 2331/21/2020/2  |i snk2021/10866  |8 0  |0 0  |1 0  |4 0  |d 2021-08-24  |l 0  |r 2026-02-21 19:58:39  |w 2026-02-21 
952 |t č. 1-5  |a SNK  |b SNK  |y PREZ  |7 0  |p 17A1465737  |o snkČSD 2331/21/2020/1 D1  |i snk2023/4973  |8 0  |0 0  |1 0  |4 0  |d 2023-03-23  |l 0  |r 2026-02-21 20:02:18  |w 2026-02-21 
952 |t č. 6-10  |a SNK  |b SNK  |y PREZ  |7 0  |p 17A1465738  |o snkČSD 2331/21/2020/2 D1  |i snk2023/4974  |8 0  |0 0  |1 0  |4 0  |d 2023-03-23  |l 0  |r 2026-02-21 20:02:18  |w 2026-02-21 
952 |t č. 1-11  |a SNK  |b SNK  |y PREZ  |7 0  |p 17A0502740  |o snkČSD 2331/4/2003  |i snk2006/22193  |8 0  |f 1  |0 0  |1 0  |4 0  |d 2006-10-30  |l 0  |r 2026-02-21 20:04:39  |w 2026-02-21 
952 |t č. 1-5  |a SNK  |b SNK  |y PREZ  |7 0  |p 17A0502747  |o snkČSD 2331/1/2000  |i snk2006/22173  |8 0  |f 1  |0 0  |1 0  |4 0  |d 2006-10-30  |l 0  |r 2026-02-21 20:05:25  |w 2026-02-21 
952 |t č. 1-5  |a SNK  |b SNK  |y PREZ  |7 0  |p 17A0502746  |o snkČSD 2331/1/2000 D1  |i snk2006/22175  |8 0  |0 0  |1 0  |4 0  |d 2006-10-30  |l 0  |r 2026-02-21 20:05:25  |w 2026-02-21 
952 |t č. 1-11  |a SNK  |b SNK  |y PREZ  |7 0  |p 17A0502745  |o snkČSD 2331/2/2001  |i snk2006/22180  |8 0  |f 1  |0 0  |1 0  |4 0  |d 2006-10-30  |l 0  |r 2026-02-21 20:05:25  |w 2026-02-21 
952 |t č. 1-11  |a SNK  |b SNK  |y PREZ  |7 0  |p 17A0502744  |o snkČSD 2331/2/2001 D1  |i snk2006/22182  |8 0  |0 0  |1 0  |4 0  |d 2006-10-30  |l 0  |r 2026-02-21 20:05:25  |w 2026-02-21 
952 |t č. 1-11  |a SNK  |b SNK  |y PREZ  |7 0  |p 17A0502743  |o snkČSD 2331/3/2002  |i snk2006/22184  |8 0  |f 1  |0 0  |1 0  |4 0  |d 2006-10-30  |l 0  |r 2026-02-21 20:05:25  |w 2026-02-21 
952 |t č. 1-11  |a SNK  |b SNK  |y PREZ  |7 0  |p 17A1347932  |o snkČSD 2331/3/2002 D1  |i snk2006/22187  |8 0  |0 0  |1 0  |4 0  |d 2006-10-30  |l 0  |r 2026-02-21 20:05:25  |w 2026-02-21 
952 |t č. 1-6  |a SNK  |b SNK  |y PREZ  |7 0  |p 17A0661733  |o snkČSD 2331/8/2007/1  |i snk2010/19417  |8 0  |f 1  |0 0  |1 0  |4 0  |d 2010-09-09  |l 0  |r 2026-02-21 20:08:55  |w 2026-02-21 
952 |t č. 1-5  |a SNK  |b SNK  |y PREZ  |7 3  |p 17A1559014  |o snkČSD 2331/25/2024/1  |i snk2026/2154  |8 0  |0 0  |1 0  |4 0  |d 2026-02-10  |l 0  |r 2026-02-21 20:10:48  |w 2026-02-21 
952 |t č. 6-10  |a SNK  |b SNK  |y PREZ  |7 3  |p 17A1559015  |o snkČSD 2331/25/2024/2  |i snk2026/2155  |8 0  |0 0  |1 0  |4 0  |d 2026-02-10  |l 0  |r 2026-02-21 20:10:48  |w 2026-02-21 
952 |t č. 1-5  |a SNK  |b SNK  |y PREZ  |7 3  |p 17A1559016  |o snkČSD 2331/26/2025/1  |i snk2026/2158  |8 0  |0 0  |1 0  |4 0  |d 2026-02-10  |l 0  |r 2026-02-21 20:10:48  |w 2026-02-21 
952 |t č. 6-10  |a SNK  |b SNK  |y PREZ  |7 3  |p 17A1559017  |o snkČSD 2331/26/2025/2  |i snk2026/2159  |8 0  |0 0  |1 0  |4 0  |d 2026-02-10  |l 0  |r 2026-02-21 20:10:48  |w 2026-02-21 
952 |t č. 1-5 + pril.  |a SNK  |b SNK  |y PREZ  |7 0  |p 17A1206634  |o snkČSD 2331/17/2016/1 D1  |i snk2017/10141  |8 0  |z Č. 4 obsahuje prílohu: mimoriadna príloha k Roku Matky ustavičnej pomoci  |0 0  |1 0  |4 0  |d 2017-05-03  |l 0  |r 2026-02-21 20:13:32  |w 2026-02-21 
952 |t č. 6-10  |a SNK  |b SNK  |y PREZ  |7 0  |p 17A1206633  |o snkČSD 2331/17/2016/2 D1  |i snk2017/10142  |8 0  |0 0  |1 0  |4 0  |d 2017-05-03  |l 0  |r 2026-02-21 20:13:32  |w 2026-02-21 
952 |t č. 1-5  |a SNK  |b SNK  |y PREZ  |7 0  |p 17A1366470  |o snkČSD 2331/18/2017/1  |i snk2019/11265  |8 0  |0 0  |1 0  |4 0  |d 2019-04-17  |l 0  |r 2026-02-21 20:14:31  |w 2026-02-21 
952 |t č. 1-11  |a SNK  |b SNK  |y PREZ  |7 0  |p 17A0502741  |o snkČSD 2331/4/2003 D1  |i snk2006/22195  |8 0  |0 0  |1 0  |4 0  |d 2006-10-30  |l 0  |r 2026-02-21 20:22:16  |w 2026-02-21 
952 |t č. 7-11  |a SNK  |b SNK  |y PREZ  |7 0  |p 17A0661730  |o snkČSD 2331/7/2006/2  |i snk2010/19390  |8 0  |f 1  |0 0  |1 0  |4 0  |d 2010-09-08  |l 0  |r 2026-02-21 20:29:17  |w 2026-02-21 
952 |t č. 1-6  |a SNK  |b SNK  |y PREZ  |7 0  |p 17A0870506  |o snkČSD 2331/11/2010/1  |i snk2014/24558  |8 0  |f 1  |0 0  |1 0  |4 0  |d 2014-11-10  |l 0  |r 2026-02-21 20:32:37  |w 2026-02-21 
952 |t č. 7-11  |a SNK  |b SNK  |y PREZ  |7 0  |p 17A0870507  |o snkČSD 2331/11/2010/2  |i snk2014/24559  |8 0  |f 1  |0 0  |1 0  |4 0  |d 2014-11-10  |l 0  |r 2026-02-21 20:32:37  |w 2026-02-21 
952 |t č. 1-6  |a SNK  |b SNK  |y PREZ  |7 0  |p 17A0870508  |o snkČSD 2331/11/2010/1 D1  |i snk2014/24561  |8 0  |0 0  |1 0  |4 0  |d 2014-11-10  |l 0  |r 2026-02-21 20:32:37  |w 2026-02-21 
952 |t č. 7-11  |a SNK  |b SNK  |y PREZ  |7 0  |p 17A0870509  |o snkČSD 2331/11/2010/2 D1  |i snk2014/24562  |8 0  |0 0  |1 0  |4 0  |d 2014-11-10  |l 0  |r 2026-02-21 20:32:37  |w 2026-02-21 
952 |t č. 1-6  |a SNK  |b SNK  |y PREZ  |7 0  |p 17A0870510  |o snkČSD 2331/12/2011/1  |i snk2014/24566  |8 0  |f 1  |0 0  |1 0  |4 0  |d 2014-11-10  |l 0  |r 2026-02-21 20:32:37  |w 2026-02-21 
952 |t č. 7-12  |a SNK  |b SNK  |y PREZ  |7 0  |p 17A0870511  |o snkČSD 2331/12/2011/2  |i snk2014/24567  |8 0  |f 1  |0 0  |1 0  |4 0  |d 2014-11-10  |l 0  |r 2026-02-21 20:32:37  |w 2026-02-21 
952 |t č. 1-6  |a SNK  |b SNK  |y PREZ  |7 0  |p 17A0870512  |o snkČSD 2331/12/2011/1 D1  |i snk2014/24571  |8 0  |0 0  |1 0  |4 0  |d 2014-11-10  |l 0  |r 2026-02-21 20:32:40  |w 2026-02-21 
952 |t č. 7-12  |a SNK  |b SNK  |y PREZ  |7 0  |p 17A0870513  |o snkČSD 2331/12/2011/2 D1  |i snk2014/24576  |8 0  |0 0  |1 0  |4 0  |d 2014-11-10  |l 0  |r 2026-02-21 20:32:40  |w 2026-02-21 
952 |t č. 1-6  |a SNK  |b SNK  |y PREZ  |7 0  |p 17A0870514  |o snkČSD 2331/13/2012/1  |i snk2014/24583  |8 0  |f 1  |0 0  |1 0  |4 0  |d 2014-11-10  |l 0  |r 2026-02-21 20:32:40  |w 2026-02-21 
952 |t č. 7-11  |a SNK  |b SNK  |y PREZ  |7 0  |p 17A0870515  |o snkČSD 2331/13/2012/2  |i snk2014/24586  |8 0  |f 1  |0 0  |1 0  |4 0  |d 2014-11-10  |l 0  |r 2026-02-21 20:32:40  |w 2026-02-21 
952 |t č. 1-6  |a SNK  |b SNK  |y PREZ  |7 0  |p 17A0870516  |o snkČSD 2331/13/2012/1 D1  |i snk2014/24589  |8 0  |0 0  |1 0  |4 0  |d 2014-11-10  |l 0  |r 2026-02-21 20:32:40  |w 2026-02-21 
952 |t č. 7-11  |a SNK  |b SNK  |y PREZ  |7 0  |p 17A0870517  |o snkČSD 2331/13/2012/2 D1  |i snk2014/24590  |8 0  |0 0  |1 0  |4 0  |d 2014-11-10  |l 0  |r 2026-02-21 20:32:41  |w 2026-02-21 
952 |t č. 1-6  |a SNK  |b SNK  |y PREZ  |7 0  |p 17A0870518  |o snkČSD 2331/14/2013/1  |i snk2014/24593  |8 0  |f 1  |0 0  |1 0  |4 0  |d 2014-11-10  |l 0  |r 2026-02-21 20:32:41  |w 2026-02-21 
952 |t č. 7-12  |a SNK  |b SNK  |y PREZ  |7 0  |p 17A0870519  |o snkČSD 2331/14/2013/2  |i snk2014/24594  |8 0  |f 1  |0 0  |1 0  |4 0  |d 2014-11-10  |l 0  |r 2026-02-21 20:32:41  |w 2026-02-21 
952 |t č. 1-6  |a SNK  |b SNK  |y PREZ  |7 0  |p 17A0870520  |o snkČSD 2331/14/2013/1 D1  |i snk2014/24596  |8 0  |0 0  |1 0  |4 0  |d 2014-11-10  |l 0  |r 2026-02-21 20:32:41  |w 2026-02-21 
952 |t č. 7-12  |a SNK  |b SNK  |y PREZ  |7 0  |p 17A0870521  |o snkČSD 2331/14/2013/2 D1  |i snk2014/24597  |8 0  |0 0  |1 0  |4 0  |d 2014-11-10  |l 0  |r 2026-02-21 20:32:41  |w 2026-02-21 
952 |t č. 1-5  |a SNK  |b SNK  |y PREZ  |7 0  |p 17A1525098  |o snkČSD 2331/24/2023/1  |i snk2024/17671  |8 0  |0 0  |1 0  |4 0  |d 2024-11-25  |l 0  |r 2026-02-21 20:56:47  |w 2026-02-21 
952 |t č. 6-10  |a SNK  |b SNK  |y PREZ  |7 0  |p 17A1525099  |o snkČSD 2331/24/2023/2  |i snk2024/17672  |8 0  |0 0  |1 0  |4 0  |d 2024-11-25  |l 0  |r 2026-02-21 20:56:47  |w 2026-02-21 
952 |t č. 1-6  |a SNK  |b SNK  |y PREZ  |7 0  |p 17A0661727  |o snkČSD 2331/6/2005/1 D1  |i snk2010/19383  |8 0  |0 0  |1 0  |4 0  |d 2010-09-08  |l 0  |r 2026-02-21 21:30:20  |w 2026-02-21 
952 |t č. 6-10  |a SNK  |b SNK  |y PREZ  |7 0  |p 17A1366471  |o snkČSD 2331/18/2017/2  |i snk2019/11268  |8 0  |0 0  |1 0  |4 0  |d 2019-04-17  |l 0  |r 2026-02-21 21:59:25  |w 2026-02-21 
952 |t č. 1-5  |a SNK  |b SNK  |y PREZ  |7 0  |p 17A1366472  |o snkČSD 2331/18/2017/1 D1  |i snk2019/11272  |8 0  |0 0  |1 0  |4 0  |d 2019-04-17  |l 0  |r 2026-02-21 21:59:25  |w 2026-02-21 
952 |t č. 6-10  |a SNK  |b SNK  |y PREZ  |7 0  |p 17A1366473  |o snkČSD 2331/18/2017/2 D1  |i snk2019/11274  |8 0  |0 0  |1 0  |4 0  |d 2019-04-17  |l 0  |r 2026-02-21 21:59:25  |w 2026-02-21 
952 |t č. 1-5  |a SNK  |b SNK  |y PREZ  |7 0  |p 17A1366474  |o snkČSD 2331/19/2018/1  |i snk2019/11279  |8 0  |0 0  |1 0  |4 0  |d 2019-04-17  |l 0  |r 2026-02-21 21:59:25  |w 2026-02-21 
952 |t č. 6-10  |a SNK  |b SNK  |y PREZ  |7 0  |p 17A1366475  |o snkČSD 2331/19/2018/2  |i snk2019/11283  |8 0  |0 0  |1 0  |4 0  |d 2019-04-17  |l 0  |r 2026-02-21 21:59:25  |w 2026-02-21 
952 |t č. 1-5  |a SNK  |b SNK  |y PREZ  |7 0  |p 17A1366476  |o snkČSD 2331/19/2018/1 D1  |i snk2019/11285  |8 0  |0 0  |1 0  |4 0  |d 2019-04-17  |l 0  |r 2026-02-21 21:59:25  |w 2026-02-21 
952 |t č. 6-10  |a SNK  |b SNK  |y PREZ  |7 0  |p 17A1366477  |o snkČSD 2331/19/2018/2 D1  |i snk2019/11286  |8 0  |0 0  |1 0  |4 0  |d 2019-04-17  |l 0  |r 2026-02-21 21:59:25  |w 2026-02-21 
952 |t č. 1-5  |a SNK  |b SNK  |y PREZ  |7 0  |p 17A1431146  |o snkČSD 2331/20/2019/1  |i snk2020/12612  |8 0  |0 0  |1 0  |4 0  |d 2020-07-14  |l 0  |r 2026-02-21 22:02:05  |w 2026-02-21 
952 |t č. 6-10  |a SNK  |b SNK  |y PREZ  |7 0  |p 17A1431147  |o snkČSD 2331/20/2019/2  |i snk2020/12613  |8 0  |0 0  |1 0  |4 0  |d 2020-07-14  |l 0  |r 2026-02-21 22:02:06  |w 2026-02-21 
952 |t č. 1-5  |a SNK  |b SNK  |y PREZ  |7 0  |p 17A1431148  |o snkČSD 2331/20/2019/1 D1  |i snk2020/12614  |8 0  |0 0  |1 0  |4 0  |d 2020-07-14  |l 0  |r 2026-02-21 22:02:06  |w 2026-02-21 
952 |t č. 6-10  |a SNK  |b SNK  |y PREZ  |7 0  |p 17A1431149  |o snkČSD 2331/20/2019/2 D1  |i snk2020/12615  |8 0  |0 0  |1 0  |4 0  |d 2020-07-14  |l 0  |r 2026-02-21 22:02:06  |w 2026-02-21 
952 |t č. 1-6 + pril.  |a SNK  |b SNK  |y PREZ  |7 0  |p 17A1206644  |o snkČSD 2331/15/2014/1  |i snk2017/10056  |8 0  |z Č. 3 označené ako Pôst ; Príl.: rodinná príloha  |0 0  |1 0  |4 0  |d 2017-05-03  |l 0  |r 2026-02-21 22:11:08  |w 2026-02-21 
952 |t č. 7-11 + pril.  |a SNK  |b SNK  |y PREZ  |7 0  |p 17A1206643  |o snkČSD 2331/15/2014/2  |i snk2017/10061  |8 0  |z Príl.: rodinná príloha  |0 0  |1 0  |4 0  |d 2017-05-03  |l 0  |r 2026-02-21 22:11:08  |w 2026-02-21 
952 |t č. 1-6 + pril.  |a SNK  |b SNK  |y PREZ  |7 0  |p 17A1206642  |o snkČSD 2331/15/2014/1 D1  |i snk2017/10064  |8 0  |z Č. 3 označené ako Pôst ; Príl.: rodinná príloha  |0 0  |1 0  |4 0  |d 2017-05-03  |l 0  |r 2026-02-21 22:11:08  |w 2026-02-21 
952 |t č. 7-11 + pril.  |a SNK  |b SNK  |y PREZ  |7 0  |p 17A1206641  |o snkČSD 2331/15/2014/2 D1  |i snk2017/10065  |8 0  |z Príl.: rodinná príloha  |0 0  |1 0  |4 0  |d 2017-05-03  |l 0  |r 2026-02-21 22:11:08  |w 2026-02-21 
952 |t č. 1-5 + pril.  |a SNK  |b SNK  |y PREZ  |7 0  |p 17A1206640  |o snkČSD 2331/16/2015/1  |i snk2017/10068  |8 0  |z Č. 1-4 obsahujú prílohu  |0 0  |1 0  |4 0  |d 2017-05-03  |l 0  |r 2026-02-21 22:11:08  |w 2026-02-21 
952 |t č. 6-10  |a SNK  |b SNK  |y PREZ  |7 0  |p 17A1206639  |o snkČSD 2331/16/2015/2  |i snk2017/10069  |8 0  |0 0  |1 0  |4 0  |d 2017-05-03  |l 0  |r 2026-02-21 22:11:08  |w 2026-02-21 
952 |t č. 1-5 + pril.  |a SNK  |b SNK  |y PREZ  |7 0  |p 17A1206638  |o snkČSD 2331/16/2015/1 D1  |i snk2017/10070  |8 0  |z Č. 1-4 obsahujú prílohu  |0 0  |1 0  |4 0  |d 2017-05-03  |l 0  |r 2026-02-21 22:11:08  |w 2026-02-21 
952 |t č. 6-10  |a SNK  |b SNK  |y PREZ  |7 0  |p 17A1206637  |o snkČSD 2331/16/2015/2 D1  |i snk2017/10073  |8 0  |0 0  |1 0  |4 0  |d 2017-05-03  |l 0  |r 2026-02-21 22:11:08  |w 2026-02-21 
952 |t č. 1-5 + pril.  |a SNK  |b SNK  |y PREZ  |7 0  |p 17A1206636  |o snkČSD 2331/17/2016/1  |i snk2017/10074  |8 0  |z Č. 4 obsahuje prílohu: mimoriadna príloha k Roku Matky ustavičnej pomoci  |0 0  |1 0  |4 0  |d 2017-05-03  |l 0  |r 2026-02-21 22:11:09  |w 2026-02-21 
952 |t č. 6-10  |a SNK  |b SNK  |y PREZ  |7 0  |p 17A1206635  |o snkČSD 2331/17/2016/2  |i snk2017/10076  |8 0  |0 0  |1 0  |4 0  |d 2017-05-03  |l 0  |r 2026-02-21 22:11:09  |w 2026-02-21